MARC
| LEADER | 00000cam a2200000 7i4500 | ||
|---|---|---|---|
| 001 | 0000019621 | ||
| 005 | 20070625.0 | ||
| 040 | |a INS | ||
| 090 | 0 | 0 | |a BP175 2000 |
| 245 | 0 | 0 | |a Ceramah Maulidur Rasul : |b Akar umbi kekuatan ummah oleh Ustaz Abu Hassan Al Shaari pada 19 Jun 2000 [ |h cakera video] |
| 260 | |a Bangi : |b INSPEN , |c 2000 | ||
| 300 | |a 1 cakera video ( 62 min.) : |b sd.,col. ; |c 3/4 in. | ||
| 500 | |a Juga terdapat dalam bentuk pita kaset | ||
| 650 | 0 | 0 | |a Islam |x Unity |
| 999 | |a VCD0000844 |b VIDEO CD |c Media Collection |e Default branch | ||